Tilastot visalle Beniniä lähimmät maat - 15 sekunnin sprintti

Klikkaa tästä pelataksesi tätä visaa!

Yleistilastot

  • Tätä visaa on pelattu 4 kertaa
  • Keskiarvotulos 6 / 20

Vastaustilastot

kmmaa% Oikein
997Liberia
67%
0Niger
67%
0Nigeria
67%
0Togo
67%
733Algeria
33%
0Burkina Faso
33%
315Côte d'Ivoire
33%
43Ghana
33%
1291Keski-Afrikan tasavalta
33%
326Mali
33%
720Päiväntasaajan Guinea
33%
1232Sierra Leone
33%
1114Tšad
33%
1261Congo
0%
969Gabon
0%
947Guinea
0%
668Kamerun
0%
857Mauritania
0%
735São Tomé ja Príncipe
0%
1340Senegal
0%

Tulosjakauma

Persentiili vastausten määrän mukaan

Jokaisen tuloksen saaneiden osuus

Tuloshistoriasi

Et ole pelannut tätä visaa